| 000 | 00802nam a2200265 a 4500 | ||
|---|---|---|---|
| 001 | BRL_1370 | ||
| 005 | 20190320211153.0 | ||
| 008 | 090114s1987----nyuaob####---#000-0#eng-# | ||
| 020 | _a0810912988 | ||
| 041 | _aeng | ||
| 044 | _anyu | ||
| 050 | 4 |
_aF1435 _b.M67 1987 |
|
| 100 | 1 |
_aMorris, Walter F. _926670 |
|
| 245 | 1 | 0 |
_aLiving maya _ctext by Walter F. Morris ; photographs by Jeffrey J. Foxx. |
| 260 |
_aNew York _bHarry N. Abrams _c1987 |
||
| 300 |
_a215 p. _bil. a color, fotografías, mapas _c28 cm. |
||
| 500 | _aIncluye dedicatoria a Ruth Lechuga | ||
| 500 | _aAu1616 | ||
| 504 | _aBibliografía : p. 214-215 | ||
| 650 | 1 | 4 |
_aMayas _98077 |
| 650 | 1 | 4 |
_aIndígenas de México _zChiapas _926564 |
| 700 | 1 |
_aFoxx, Jeffrey J. _q(Jeffrey Jay) _eil. _926671 |
|
| 902 | _aGRL | ||
| 942 |
_2lcc _cB |
||
| 999 |
_c10181 _d10181 |
||